Celoškolní přístup : metodický text pro studenty učitelství /

Hlavní autor: Činčera, Jan, 1973-
Další autoři: Musílek, Michal, 1963-, Bílek, Martin, 1964-
Jazyk: Čeština
Vydáno: Hradec Králové : Gaudeamus, 2019
Vydání: Vydání: první
Témata:
Fyzický popis: 41 stran : ilustrace ; 22 cm
Knihy
Uloženo v:
LEADER 02189nam a2200601 i 4500
001 nkc20203170640
003 CZ PrNK
005 20200303101026.0
007 ta
008 200113s2019 xr a e pf 000 0 cze
015 |a cnb003170640 
020 |a 978-80-7435-758-9  |q (brožováno) 
035 |a (OCoLC)1199989895 
040 |a OLA001  |b cze  |d ABA001  |e rda 
043 |a e-xr--- 
072 7 |a 37  |x Výchova a vzdělávání  |2 Konspekt  |9 22 
072 7 |a 37.016  |x Učební osnovy. Vyučovací předměty. Učebnice  |2 Konspekt  |9 22 
080 |a 502:37.03  |2 MRF 
080 |a 316.728:502.1  |2 MRF 
080 |a 373/378:005.73  |2 MRF 
080 |a 37.091.214  |2 MRF 
080 |a (437.3)  |2 MRF 
080 |a (07)  |2 MRF 
080 |a (072)  |2 MRF 
100 1 |a Činčera, Jan,  |d 1973-  |7 xx0006323  |4 aut 
245 1 0 |a Celoškolní přístup :  |b metodický text pro studenty učitelství /  |c Jan Činčera, Michal Musílek, Martin Bílek et al. 
250 |a Vydání: první 
264 1 |a Hradec Králové :  |b Gaudeamus,  |c 2019 
300 |a 41 stran :  |b ilustrace ;  |c 22 cm 
336 |a text  |b txt  |2 rdacontent 
337 |a bez média  |b n  |2 rdamedia 
338 |a svazek  |b nc  |2 rdacarrier 
500 |a 200 výtisků 
504 |a Obsahuje bibliografii 
650 0 7 |a environmentální výchova a vzdělávání  |7 ph119964  |2 czenas 
650 0 7 |a udržitelný život  |7 ph126769  |2 czenas 
650 0 7 |a kultura školy  |7 ph319513  |2 czenas 
650 0 7 |a vzdělávací programy  |7 ph127309  |z Česko  |2 czenas 
650 0 9 |a environmental education  |2 eczenas 
650 0 9 |a sustainable life  |2 eczenas 
650 0 9 |a school culture  |2 eczenas 
650 0 9 |a educational programs  |z Czechia  |2 eczenas 
655 7 |a učební texty  |7 fd133599  |2 czenas 
655 7 |a metodické příručky  |7 fd132826  |2 czenas 
655 9 |a educational texts  |2 eczenas 
655 9 |a methodological manuals  |2 eczenas 
700 1 |a Musílek, Michal,  |d 1963-  |7 hka2011671033  |4 aut 
700 1 |a Bílek, Martin,  |d 1964-  |7 mzk2003173196  |4 aut 
910 2 |a BOA001  |b 2-1443.088 
990 |a BK 
995 |a 01 
991 |b 202001  |c NOV 
996 6 |b 2610812829  |c 2-1443.088  |l MZK  |r Sklad / do 1 hodiny  |n 3  |p p.v.  |w 001778049  |u 000010  |a 1  |e BOA001  |j MZK50  |s P